000
00250nam a2200097Ia 4500
001
725612
005
20250826163412.0
008
250824s9999 xx 000 0 und d
245
0
_a
TABİAT DİLE GELDİ
_c
NİLÜFER AKTAŞ
260
_b
KAYALIPARK YAYINLARI
999
_c
725612
_d
725612